00345nam a2200145 a 450000500170000000800410001702000060005805000170006410000160008124500320009726000420012930000130017144000060018465000090019020140414131914.0040128s19uu xx 00 eng d a  aERbOh1 1998 aHogan, Mary aOh, Babe! /cby Mary Hogan. aNew York :bUniversal Studio,c1998. ap. ; cm. a  a x